| 000 | 01347nam a22003977a 4500 | ||
|---|---|---|---|
| 003 | CHAP | ||
| 005 | 20220329135821.0 | ||
| 008 | 971013s1979 r 00010 d | ||
| 010 | _a42757 | ||
| 011 | _a43729 | ||
| 035 | _a47866 | ||
| 040 | _cCHAP | ||
| 082 |
_a581.463 _bE8 |
||
| 111 | 0 | 0 |
_aEUCARPIA. _938823 |
| 245 |
_aGenetics and breedings of carnation and gerbera _b: meeting... |
||
| 260 |
_aTurin, Italy : _bEUCARPIA, _c1979 |
||
| 300 |
_a289 p. _b; gráfs. |
||
| 590 |
_aBATCH-UPD _b10 _c20130110 _lUCH01 _h0228 |
||
| 590 |
_aBATCH-UPD _b10 _c20130110 _lUCH01 _h1307 |
||
| 590 |
_aBATCH-UPD _b10 _c20130409 _lUCH01 _h2251 |
||
| 590 |
_aBATCH-UPD _b10 _c20130410 _lUCH01 _h1309 |
||
| 590 |
_aBATCH-UPD _b10 _c20130914 _lUCH01 _h0947 |
||
| 590 |
_aCONVERSION _b10 _c20130109 _lUCH01 _h1324 |
||
| 650 | 1 | 4 |
_aClavel _xGenética. _923705 |
| 650 | 1 | 4 |
_aClavel _xMejoramiento. _923706 |
| 650 | 1 | 4 |
_aFlores _xGenética. _941380 |
| 650 | 1 | 4 |
_aFlores _xMejoramiento. _941387 |
| 650 | 1 | 4 |
_aGerbera _xGenética. _947719 |
| 650 | 1 | 4 |
_aGerbera _xMejoramiento. _947720 |
| 700 | 0 |
_aBaldi, A. _99659 |
|
| 700 | 0 |
_aQuagliotti, Luciana. _993121 |
|
| 901 | _aBK | ||
| 942 | _cLIBRO | ||
| 949 |
_a581.463 E8 _bBC _cLIBRO _d33724000540860 _eLIBRO _fc.2 _h72981 _i47866 _si _t24.12 |
||
| 949 |
_a581.463 E8 _bBC _cLIBRO _d33724000540878 _eLIBRO _gI. 138595 _h72126 _i47866 _si _t24.12 |
||
| 999 |
_c42757 _d42757 |
||